Bayern Munich Top 10 Leaders - Statistics

General Stats
  • This quiz has been taken 765 times
    26 since last reset
  • The average score is 10 of 18
Answer Stats
Goals Apps Player % Correct
564 605 Gerd Müller
100%
248 751 Thomas Müller
100%
344 375 Robert Lewandowski
96%
0 599 Manuel Neuer
92%
144 309 Arjen Robben
88%
75 582 Franz Beckenbauer
79%
0 632 Oliver Kahn
75%
146 147 Harry Kane
71%
16 517 Philipp Lahm
71%
218 422 Karl-Heinz Rummenigge
58%
0 700 Sepp Maier
50%
145 Dieter Hoeneß
33%
545 Klaus Augenthaler
21%
554 Hans-Georg Schwarzenbeck
17%
505 Bernd Dürnberger
4%
142 Dieter Brenninger
4%
215 Rainer Ohlhauser
4%
155 Roland Wohlfarth
4%
No matching quizzes found
Score Distribution
Percent of People with Each Score
Percentile by Number Answered
Your Score History
You have not taken this quiz since the last reset